Benvenuto Cellini : Kunst und Kunsttheorie im 16. Jahrhundert

Gespeichert in:
Bibliographische Detailangaben
Mitwirkende: Nova, Alessandro (HerausgeberIn, Hrsg.)
Schreurs-Morét, Anna (HerausgeberIn)
Dokumenttyp: Buch
Sprache:German
English
Italian
Veröffentlicht: Köln ; Weimar ; Wien : Böhlau , 2003
Schlagwörter:
Online Zugang:Inhaltsverzeichnis
Rezension
Rezension
Bibliogr. Hinweis:Rezensiert in: [Rezension von: Alessandro Nova / Anna Schreurs (Hrsg.), Benvenuto Cellini]
Verantwortlich:hrsg. von Alessandro Nova und Anna Schreurs
LEADER 04293cam a2200889 c 4500
001 1603149007
003 DE-627
005 20260610205446.0
007 tu
008 030124s2003 gw ||||| 00| ||ger c
015 |a 03,N01,1222  |2 dnb 
016 7 |a 965716147  |2 DE-101 
020 |a 3412110027  |9 3-412-11002-7 
024 3 |a 9783412110024 
035 |a (DE-627)1603149007 
035 |a (DE-576)102914478 
035 |a (DE-599)DNB965716147 
035 |a (OCoLC)723174920 
035 |a (OCoLC)52820919 
035 |a (OCoLC)723174920 
035 |a (OCoLC)249551043 
040 |a DE-627  |b ger  |c DE-627  |e rakwb 
041 |a ger  |a eng  |a ita 
044 |c XA-DE  |c XA-AT 
050 0 |a NB623.C4 
082 0 |a 701 
082 0 4 |a 46 
084 |a 46  |2 sdnb 
084 |a 9,10  |2 ssgn 
084 |a IU 4384  |2 rvk  |0 (DE-625)rvk/68754: 
084 |a LI 21750  |2 rvk  |0 (DE-625)rvk/95751: 
084 |a NN 1357  |2 rvk  |0 (DE-625)rvk/126533: 
084 |a 20.31  |2 bkl 
084 |a 20.06  |2 bkl 
084 |a 15.07  |2 bkl 
090 |a a 
245 0 0 |a Benvenuto Cellini  |b Kunst und Kunsttheorie im 16. Jahrhundert  |c hrsg. von Alessandro Nova und Anna Schreurs 
263 |a Gb. : 64.00 EUR 
264 1 |a Köln  |a Weimar  |a Wien  |b Böhlau  |c 2003 
300 |a VIII, 413, [104] S.  |b zahlr. Ill. 
336 |a Text  |b txt  |2 rdacontent 
337 |a ohne Hilfsmittel zu benutzen  |b n  |2 rdamedia 
338 |a Band  |b nc  |2 rdacarrier 
500 |a Beitr. teilw. dt., teilw. engl., teilw. ital 
583 1 |a Archivierung/Langzeitarchivierung gewährleistet  |f SSG  |x XA-DE-BW  |2 pdager  |5 DE-16 
653 0 |a Art - Philosophy - History - 16th century - Congresses 
653 0 |a Art, Italian - 16th century - Congresses 
653 0 |a Cellini, Benvenuto, 1500-1571 - Congresses 
655 7 |a Konferenzschrift  |y 2000  |z Frankfurt, Main  |0 (DE-588)1071861417  |0 (DE-627)826484824  |0 (DE-576)433375485  |2 gnd-content 
689 0 0 |d p  |0 (DE-588)118519875  |0 (DE-627)144896958  |0 (DE-576)160546176  |a Cellini, Benvenuto  |d 1500-1571  |2 gnd 
689 0 |5 DE-101 
689 1 0 |d p  |0 (DE-588)118519875  |0 (DE-627)144896958  |0 (DE-576)160546176  |a Cellini, Benvenuto  |d 1500-1571  |2 gnd 
689 1 |5 (DE-627) 
689 2 0 |d p  |0 (DE-588)118519875  |0 (DE-627)144896958  |0 (DE-576)160546176  |a Cellini, Benvenuto  |d 1500-1571  |2 gnd 
689 2 |5 (DE-627) 
700 1 |a Nova, Alessandro  |d 1954-  |e Hrsg.  |0 (DE-588)132645750  |0 (DE-627)524716714  |0 (DE-576)162404328  |4 edt 
700 1 |a Schreurs-Morét, Anna  |d 1963-  |e HerausgeberIn  |0 (DE-588)102578667X  |0 (DE-627)724074163  |0 (DE-576)181776928  |4 edt 
700 1 |a Cellini, Benvenuto  |d 1500-1571  |0 (DE-588)118519875  |0 (DE-627)144896958  |0 (DE-576)160546176  |4 oth 
787 0 8 |i Rezensiert in  |a Karsten, Arne, 1969 -   |t [Rezension von: Alessandro Nova / Anna Schreurs (Hrsg.), Benvenuto Cellini]  |d 2004  |w (DE-627)1919526072 
856 4 2 |u https://swbplus.bsz-bw.de/bsz102914478inh.htm  |m B:DE-576;DE-16  |q application/pdf  |v 20090527161329  |x Verlag  |3 Inhaltsverzeichnis  |7 1 
856 4 2 |u https://swbplus.bsz-bw.de/bsz102914478rez.htm  |m V:DE-576  |v 2005-06-06  |3 Rezension  |7 1 
856 4 2 |u http://www.sehepunkte.de/2004/04/3808.html  |m V:DE-576;X:Sehepunkte  |q text/html  |v 20180424122855  |3 Rezension  |7 1 
889 |w (DE-627)358056535 
935 |i mdedup 
935 |i sf 
936 r v |a IU 4384  |b Cellini, Benvenuto  |k Romanistik  |k Italienische Sprache und Literatur  |k Italienische Literatur im 15. und 16. Jahrhundert  |k Literaturgeschichte  |k Einzelne Autoren und ausgewählte Anonyma  |k Autoren C  |k Cellini, Benvenuto  |0 (DE-627)1271370883  |0 (DE-625)rvk/68754:  |0 (DE-576)201370883 
936 r v |a LI 21750  |b Cellini, Benvenuto  |k Kunstgeschichte  |k Künstler-Monografien  |k Alphabetische Künstlerliste  |k Künstler C  |k Cellini, Benvenuto  |0 (DE-627)1270882252  |0 (DE-625)rvk/95751:  |0 (DE-576)200882252 
936 r v |a NN 1357  |b Italien  |k Geschichte  |k Neuere Geschichte  |k Neuere Geschichte insgesamt  |k Darstellungen  |k Italien  |0 (DE-627)1271464128  |0 (DE-625)rvk/126533:  |0 (DE-576)201464128 
936 b k |a 20.31  |j Bildende Künstler  |0 (DE-627)181571080 
936 b k |a 20.06  |j Kunstphilosophie  |j Kunsttheorie  |0 (DE-627)10641433X 
936 b k |a 15.07  |j Kulturgeschichte  |0 (DE-627)181569620 
951 |a BO 
990 |a Cellini, Benvenuto 
990 |a Cellini, Benvenuto 
990 |a Cellini, Benvenuto 
991 |a Rezensiertes Werk 
999 |a KXP-PPN1603149007  |e 4988426068